000 00837cab a2200253 4500
001 ABS51504
008 090401t1994 xxu||||| |||| 00| 0 eng d
035 _a(Sirsi) u30759
041 _aeng
100 _aDavis, L.
245 _aSurgical complications
260 _c1994
350 _a0
490 _aBuilding Economist
_vOctober 1994, 4-5(2)
520 _aExamines the impact of Private Finance Initiative rules on exploitation of the potentially huge construction market in the National Health Service, a market worth as much as £1bn according to a recent RICS survey.
650 _aCONSTRUCTION MARKET
650 _aHEALTH SECTOR
650 _aHOSPITAL TRUSTS
650 _aNHS ESTATE
650 _aPRIVATE FINANCE INITIATIVE
690 _aBUILDING AND CONSTRUCTION-ECONOMICS
942 _n0
948 _c04/03/1997
999 _c20731
_d20731